[Event "SUBZONAL 2.3.5 ABSOLUTE Trinidad y Tobag"]
[Site "Ambassador Hotel "]
[Date "2014.03.29"]
[Round "5.9"]
[White "Matthews, Shane"]
[Black "Poon, Yu Tien"]
[Result "1/2-1/2"]
[WhiteElo "2224"]
[BlackElo "2055"]
[PlyCount "80"]
[EventDate "2014.03.27"]
[EventRounds "9"]

1. e4 c5 2. Nf3 d6 3. d4 cxd4 4. Nxd4 Nf6 5. Nc3 a6 6. Be3 e6 7. Qd2 Nbd7 8. f3
b5 9. O-O-O Bb7 10. g4 h6 11. h4 b4 12. Nce2 d5 13. exd5 Nxd5 14. Bf2 Be7 15.
Rh3 a5 16. Ng3 g6 17. Ne4 Ba6 18. Nc6 Qc7 19. Nxe7 Kxe7 20. Bxa6 Rxa6 21. Qe2
Rc6 22. Rxd5 exd5 23. Nd6+ Ne5 24. Nb5 Qb8 25. Nd4 Kd7 26. Nxc6 Nxc6 27. Qd2
Qb5 28. Rh1 Rc8 29. Qxh6 Qc4 30. Kb1 Ne5 31. Qd2 Nxf3 32. Qd1 a4 33. h5 a3 34.
hxg6 fxg6 35. Be3 Qe4 36. Rh7+ Ke6 37. Qd3 Qxd3 38. cxd3 d4 39. Rh3 Rf8 40. Bc1
axb2 1/2-1/2

[Event "SUBZONAL 2.3.5 ABSOLUTE Trinidad y Tobag"]
[Site "Ambassador Hotel "]
[Date "2014.03.29"]
[Round "5.10"]
[White "Davy, Damion"]
[Black "Smith, Javanna"]
[Result "1-0"]
[WhiteElo "2173"]
[BlackElo "1700"]
[PlyCount "65"]
[EventDate "2014.03.27"]
[EventRounds "9"]

1. e4 c5 2. Nf3 d6 3. Bb5+ Bd7 4. Bxd7+ Nxd7 5. O-O Ngf6 6. Re1 e6 7. c3 c4 8.
Qa4 Qc7 9. Na3 d5 10. exd5 Bxa3 11. dxe6 fxe6 12. Qxa3 Nc5 13. d4 cxd3 14. Be3
Nfe4 15. Bxc5 Nxc5 16. b4 d2 17. Nxd2 O-O-O 18. Nf3 Na6 19. Rxe6 Rd3 20. Re3
Rhd8 21. Rae1 Rxe3 22. Rxe3 Qb6 23. Qb3 Kb8 24. h3 Nc7 25. c4 Qf6 26. Rd3 Re8
27. Qd1 Ne6 28. Rd7 Qb2 29. Ng5 Qf6 30. Qd6+ Ka8 31. Nxe6 Qxe6 32. Qxe6 Rxe6
33. Rd8# 1-0

[Event "SUBZONAL 2.3.5 ABSOLUTE Trinidad y Tobag"]
[Site "Ambassador Hotel "]
[Date "2014.03.29"]
[Round "5.11"]
[White "Johnson, Joshua"]
[Black "Mora Moron, Jose Ramon"]
[Result "0-1"]
[WhiteElo "2019"]
[BlackElo "2173"]
[PlyCount "72"]
[EventDate "2014.03.27"]
[EventRounds "9"]

1. e4 c5 2. Nf3 e6 3. d4 cxd4 4. Nxd4 Nc6 5. Nc3 Qc7 6. Nxc6 bxc6 7. Bd3 d5 8.
O-O Nf6 9. f4 Be7 10. Kh1 Bb7 11. Qe1 O-O 12. Qg3 c5 13. e5 Nh5 14. Qg4 g6 15.
Be2 Ng7 16. Bf3 Nf5 17. Qh3 c4 18. Ne2 d4 19. Bd2 Rfd8 20. Rad1 d3 21. cxd3
Rxd3 22. Nc1 Rd7 23. Be1 Rxd1 24. Bxd1 Rd8 25. Bf2 Rd2 26. Qc3 Qd7 27. Bf3 Bxf3
28. gxf3 Bh4 29. Kg1 Bxf2+ 30. Rxf2 Rd1+ 31. Kg2 Qd8 32. Ne2 Rd3 33. Qe1 Qh4
34. Rf1 Ne3+ 35. Kh1 Qh3 36. Rg1 Qxf3+ 0-1

[Event "SUBZONAL 2.3.5 ABSOLUTE Trinidad y Tobag"]
[Site "Ambassador Hotel "]
[Date "2014.03.30"]
[Round "6.1"]
[White "Marichal Gonzalez, Ariel"]
[Black "Munoz Sanchez, Miguel"]
[Result "1/2-1/2"]
[WhiteElo "2271"]
[BlackElo "2282"]
[PlyCount "109"]
[EventDate "2014.03.27"]
[EventRounds "9"]

1. d4 Nf6 2. Nf3 c5 3. d5 b5 4. Bg5 d6 5. Bxf6 exf6 6. e4 a6 7. a4 b4 8. Bd3 g6
9. a5 Bg7 10. O-O O-O 11. Ra2 Nd7 12. Nbd2 Ne5 13. Nxe5 fxe5 14. Nc4 Ra7 15. c3
bxc3 16. bxc3 f5 17. Rb2 fxe4 18. Bxe4 Bd7 19. Rb6 Bb5 20. Nxd6 Bxf1 21. Qxf1
Bh6 22. Qb1 Qg5 23. Nc4 Raf7 24. f3 Rxf3 25. Bxf3 Rxf3 26. Rb8+ Bf8 27. Qe1 Rd3
28. Qf1 Qf5 29. d6 Kg7 30. Rb2 Kf6 31. d7 Qxf1+ 32. Kxf1 Be7 33. Ke2 Rxc3 34.
Rb6+ Kf5 35. Nd6+ Kf4 36. g3+ Kg4 37. Rb8 Rc2+ 38. Kd1 Rc3 39. Kd2 Ra3 40. Nc4
Ra2+ 41. Kd3 Rxh2 42. Re8 Bf6 43. Re6 Bd8 44. Re8 Bf6 45. Nxe5+ Kxg3 46. Rf8
Bg5 47. Rf3+ Kg2 48. Re3 Rh4 49. Re4 Rxe4 50. Kxe4 h5 51. Nxg6 h4 52. Kd5 Kg3
53. Nxh4 Bxh4 54. Kxc5 Bd8 55. Kc6 1/2-1/2

[Event "SUBZONAL 2.3.5 ABSOLUTE Trinidad y Tobag"]
[Site "Ambassador Hotel "]
[Date "2014.03.30"]
[Round "6.2"]
[White "Harper, Ryan"]
[Black "Husbands, Orlando"]
[Result "1/2-1/2"]
[WhiteElo "2293"]
[BlackElo "2042"]
[PlyCount "62"]
[EventDate "2014.03.27"]
[EventRounds "9"]

1. e4 c5 2. Nc3 Nc6 3. Bb5 Nd4 4. Bc4 d6 5. Nge2 g6 6. Nxd4 cxd4 7. Ne2 Bg7 8.
d3 e6 9. O-O Ne7 10. f4 O-O 11. Bb3 f5 12. Ng3 Kh8 13. Qe2 Bd7 14. exf5 exf5
15. Qf2 Bc6 16. Ne2 Qb6 17. c3 Bd5 18. Bxd5 Nxd5 19. Nxd4 Bxd4 20. cxd4 Rac8
21. b3 Rc3 22. Bb2 Rxd3 23. Qe2 Re3 24. Qc4 Qc6 25. Qxc6 bxc6 26. Rac1 Rc8 27.
Ba3 Re6 28. g3 Kg8 29. Rfe1 Kf7 30. h3 Ke7 31. Kg2 Nf6 1/2-1/2

[Event "SUBZONAL 2.3.5 ABSOLUTE Trinidad y Tobag"]
[Site "Ambassador Hotel "]
[Date "2014.03.30"]
[Round "6.3"]
[White "Lopez, Jasel"]
[Black "Warner, Delisle"]
[Result "0-1"]
[WhiteElo "2202"]
[BlackElo "2187"]
[PlyCount "70"]
[EventDate "2014.03.27"]
[EventRounds "9"]

1. d4 Nf6 2. c4 c5 3. d5 e5 4. Nc3 d6 5. e4 Be7 6. h3 Nbd7 7. Be3 Nf8 8. Bd3
Ng6 9. Nge2 O-O 10. Qd2 a6 11. O-O-O Bd7 12. g3 b5 13. Rdf1 h6 14. f4 exf4 15.
gxf4 Nh7 16. Rhg1 bxc4 17. Bxc4 Bf6 18. Rf3 Kh8 19. Bd3 Bb5 20. Bb1 Qa5 21. Qc2
Rfb8 22. e5 Bxe2 23. exf6 Bxf3 24. fxg7+ Kg8 25. Rxg6 fxg6 26. Qxg6 Nf6 27. Bf5
Re8 28. Qxf6 Rxe3 29. Qg6 Rxc3+ 30. Kb1 Rc1+ 31. Kxc1 Qe1+ 32. Kc2 Bd1+ 33. Kd3
Qe2+ 34. Kc3 Qe3+ 35. Bd3 Qe1+ 0-1

[Event "SUBZONAL 2.3.5 ABSOLUTE Trinidad y Tobag"]
[Site "Ambassador Hotel "]
[Date "2014.03.30"]
[Round "6.4"]
[White "Puntier, William"]
[Black "Singh, Vishnu"]
[Result "1-0"]
[WhiteElo "2328"]
[BlackElo "2072"]
[PlyCount "193"]
[EventDate "2014.03.27"]
[EventRounds "9"]

1. e4 c5 2. Nf3 Nc6 3. d4 cxd4 4. Nxd4 g6 5. c4 d6 6. Be2 Nf6 7. Nc3 Nxd4 8.
Qxd4 Bg7 9. Be3 O-O 10. Qd2 Be6 11. Rc1 Qa5 12. f3 Rfc8 13. b3 a6 14. Na4 Qxd2+
15. Kxd2 Nd7 16. g4 Rf8 17. g5 Rad8 18. Nc3 Rc8 19. Rc2 f5 20. gxf6 Nxf6 21.
Rhc1 Kf7 22. Bf1 Bd7 23. Ne2 Nh5 24. Ng3 Nf6 25. Bd3 Bh3 26. Rg1 Bd7 27. h4 Bc6
28. Rcc1 e6 29. Rcf1 b5 30. h5 Nxh5 31. Nxh5 gxh5 32. Rh1 bxc4 33. bxc4 Rb8 34.
Rb1 Kg8 35. Ke2 d5 36. exd5 exd5 37. Rxb8 Rxb8 38. Rxh5 Rb2+ 39. Kf1 dxc4 40.
Bxc4+ Kf8 41. Bb3 Bb5+ 42. Kg1 Bd3 43. Rd5 Bb5 44. Bg5 Rb1+ 45. Kg2 Bc3 46. Rc5
Bd4 47. Rc8+ Be8 48. Bh4 Rb2+ 49. Kf1 Rh2 50. Bg3 Rh6 51. Ke2 Ke7 52. Bf4 Rh5
53. Rc7+ Kd8 54. Rb7 Be5 55. Be3 Bb5+ 56. Kf2 Rh2+ 57. Kg1 Rh3 58. Bd5 Rh5 59.
Be4 Bd7 60. Ra7 Bc8 61. Bb6+ Ke8 62. Bc6+ Kf8 63. Ra8 Rg5+ 64. Kf1 Rg6 65.
Rxc8+ Kg7 66. Be3 Bg3 67. Bd5 h5 68. Rg8+ Kf6 69. Rxg6+ Kxg6 70. Bb6 Bd6 71.
Bc4 Kg5 72. Bxa6 Kf4 73. Kf2 Ba3 74. Bc8 Kg5 75. Be3+ Kh4 76. Kg2 Bc1 77. Bf2+
Kg5 78. a4 Bd2 79. Bb6 Bf4 80. a5 h4 81. Bd8+ Kh5 82. Bg4+ Kg6 83. Bxh4 Be3 84.
a6 Ba7 85. Bf2 Bb8 86. a7 Bxa7 87. Bxa7 Kg5 88. Kg3 Kg6 89. f4 Kf6 90. Bd4+ Kg6
91. f5+ Kg5 92. f6 Kg6 93. Be6 Kh6 94. f7 Kh7 95. f8=Q Kg6 96. Qg7+ Kh5 97.
Bg4# 1-0

[Event "SUBZONAL 2.3.5 ABSOLUTE Trinidad y Tobag"]
[Site "Ambassador Hotel "]
[Date "2014.03.30"]
[Round "6.5"]
[White "Mora Moron, Jose Ramon"]
[Black "Gascon Del Nogal, Jose Rafael"]
[Result "1-0"]
[WhiteElo "2173"]
[BlackElo "2327"]
[PlyCount "91"]
[EventDate "2014.03.27"]
[EventRounds "9"]

1. e4 c5 2. Nf3 d6 3. d4 cxd4 4. Nxd4 Nf6 5. Nc3 a6 6. Bc4 e6 7. Bb3 Be7 8. O-O
O-O 9. Qf3 Nc6 10. Nxc6 bxc6 11. Qg3 e5 12. Bg5 Nh5 13. Bxe7 Nxg3 14. Bxd8 Nxf1
15. Bg5 h6 16. Bc1 Nxh2 17. Kxh2 Bb7 18. Be3 Rfd8 19. Rd1 Kf8 20. Na4 c5 21. f3
Rab8 22. Bd2 Bc6 23. Ba5 c4 24. Bxc4 Bxa4 25. Bxd8 Rxd8 26. Bxa6 Bxc2 27. Rc1
Ba4 28. Rc4 Bd7 29. b4 Be6 30. Rc2 Ra8 31. b5 Ke7 32. Kg3 h5 33. Kh4 Kf6 34. a3
g5+ 35. Kg3 Ke7 36. Rc7+ Kd8 37. Rc6 Kd7 38. a4 d5 39. exd5 Bxd5 40. Rc1 Kd6
41. a5 f5 42. Rd1 Ra7 43. b6 Rxa6 44. Rxd5+ Kxd5 45. b7 Rxa5 46. b8=Q 1-0

[Event "SUBZONAL 2.3.5 ABSOLUTE Trinidad y Tobag"]
[Site "Ambassador Hotel "]
[Date "2014.03.30"]
[Round "6.6"]
[White "Munro, Allan"]
[Black "Davy, Damion"]
[Result "1/2-1/2"]
[WhiteElo "2086"]
[BlackElo "2173"]
[PlyCount "31"]
[EventDate "2014.03.27"]
[EventRounds "9"]

1. e4 c5 2. Nf3 e6 3. d4 cxd4 4. Nxd4 Nc6 5. Nc3 Qc7 6. Be3 a6 7. Be2 Nf6 8.
O-O Bb4 9. f3 d5 10. exd5 exd5 11. Nxc6 bxc6 12. Qd4 Bd6 13. Qh4 Be7 14. Qf4
Bd6 15. Qh4 Be7 16. Qf4 1/2-1/2

[Event "SUBZONAL 2.3.5 ABSOLUTE Trinidad y Tobag"]
[Site "Ambassador Hotel "]
[Date "2014.03.30"]
[Round "6.7"]
[White "Joseph, Marcus"]
[Black "Singh, Ravishen"]
[Result "1-0"]
[WhiteElo "2152"]
[BlackElo "2102"]
[PlyCount "89"]
[EventDate "2014.03.27"]
[EventRounds "9"]

1. e4 c5 2. Nf3 e6 3. d4 cxd4 4. Nxd4 Nf6 5. Nc3 d6 6. Be3 a6 7. g4 Be7 8. g5
Nfd7 9. h4 b5 10. Bg2 Bb7 11. f4 b4 12. Nce2 Nb6 13. O-O O-O 14. f5 Nc4 15. Bf2
e5 16. f6 exd4 17. fxe7 Qxe7 18. Qxd4 Ne5 19. Rad1 Rd8 20. Qxb4 Nbc6 21. Qb3
Rab8 22. Qg3 Bc8 23. b3 Ng4 24. Nf4 Nxf2 25. Nd5 Qe6 26. Qxf2 Ne5 27. Rd4 Bd7
28. Rfd1 Bc6 29. Ne3 Rb7 30. c4 Rbd7 31. Qg3 Qg6 32. c5 f6 33. cxd6 Re8 34. Nf5
Kf7 35. Ne7 Rdxe7 36. dxe7 Rxe7 37. Rd6 Bb5 38. R1d2 h6 39. a4 Bc6 40. Rf2 hxg5
41. hxg5 Bxe4 42. Rdxf6+ gxf6 43. Rxf6+ Qxf6 44. gxf6 Kxf6 45. Qh4+ 1-0

[Event "SUBZONAL 2.3.5 ABSOLUTE Trinidad y Tobag"]
[Site "Ambassador Hotel "]
[Date "2014.03.30"]
[Round "6.8"]
[White "Treu, Auke"]
[Black "Matthews, Shane"]
[Result "0-1"]
[WhiteElo "2033"]
[BlackElo "2224"]
[PlyCount "86"]
[EventDate "2014.03.27"]
[EventRounds "9"]

1. d4 Nf6 2. Nf3 c5 3. c3 e6 4. g3 b6 5. Bg2 Bb7 6. O-O Be7 7. Bg5 h6 8. Bf4 d6
9. Nbd2 g5 10. Be3 Nd5 11. Ne1 Qd7 12. c4 Nxe3 13. fxe3 Bxg2 14. Nxg2 d5 15.
Nf3 Nc6 16. cxd5 exd5 17. Qa4 O-O 18. Rad1 Qe6 19. e4 Nxd4 20. Nxd4 cxd4 21.
exd5 Qxd5 22. e3 d3 23. Qg4 f5 24. Qh5 Kg7 25. h4 Rac8 26. Ne1 Qe5 27. Qf3 gxh4
28. Nxd3 Qxg3+ 29. Qxg3+ hxg3 30. Nf4 Kf6 31. Rd7 Rc2 32. Rfd1 Bc5 33. Nd5+ Ke6
34. Nf4+ Ke5 35. Nd3+ Ke4 36. Nxc5+ bxc5 37. Re7+ Kf3 38. Rg7 Rd8 39. Rf1+ Rf2
40. Rxg3+ Kxg3 41. Rxf2 Rd1+ 42. Rf1 Rxf1+ 43. Kxf1 Kf3 0-1

[Event "SUBZONAL 2.3.5 ABSOLUTE Trinidad y Tobag"]
[Site "Ambassador Hotel "]
[Date "2014.03.30"]
[Round "6.9"]
[White "Hanoeman, Suradj"]
[Black "Arvelo Leo, Gian Carlo"]
[Result "1-0"]
[WhiteElo "2030"]
[BlackElo "2137"]
[PlyCount "113"]
[EventDate "2014.03.27"]
[EventRounds "9"]

1. d4 Nf6 2. c4 g6 3. Nc3 Bg7 4. e4 d6 5. Nf3 O-O 6. h3 Nbd7 7. Be3 c5 8. d5 a6
9. Bd3 b5 10. cxb5 Qa5 11. bxa6 Bxa6 12. O-O Rfb8 13. Bxa6 Qxa6 14. Qc2 Ne8 15.
a4 Nc7 16. Nd2 Ne5 17. Rab1 Rb4 18. b3 Rab8 19. Na2 R4b7 20. Nc1 e6 21. f4 Nd7
22. dxe6 Nxe6 23. Nd3 Qa5 24. e5 dxe5 25. Nc4 Qd8 26. fxe5 Rc7 27. Qf2 f6 28.
Kh1 Nxe5 29. Ncxe5 fxe5 30. Nxc5 Nxc5 31. Bxc5 Qd3 32. b4 Re8 33. Qa2+ Kh8 34.
Rf3 Qd7 35. Rbf1 e4 36. Re3 Bh6 37. Qb2+ Bg7 38. Qe2 Qxa4 39. Re1 Qc6 40. Rxe4
Rxe4 41. Qxe4 Qxe4 42. Rxe4 Bc3 43. g4 Kg7 44. Kg2 Kf7 45. Kf3 Rd7 46. Rf4+ Ke6
47. Ke4 Bd2 48. Rf2 Bc3 49. Ra2 Rb7 50. Ra4 Kf6 51. Kd5 Kg5 52. Kc6 Rf7 53. b5
Kh4 54. b6 Be5 55. Ra3 Bg3 56. Bd6 Rf6 57. Rxg3 1-0

[Event "SUBZONAL 2.3.5 ABSOLUTE Trinidad y Tobag"]
[Site "Ambassador Hotel "]
[Date "2014.03.30"]
[Round "6.10"]
[White "Poon, Yu Tien"]
[Black "Winter Atwell, Adrian"]
[Result "0-1"]
[WhiteElo "2055"]
[BlackElo "2113"]
[PlyCount "77"]
[EventDate "2014.03.27"]
[EventRounds "9"]

1. Nf3 Nf6 2. g3 b6 3. Bg2 Bb7 4. O-O e6 5. c4 Be7 6. b3 O-O 7. Bb2 c5 8. Nc3
d5 9. cxd5 exd5 10. d4 Nc6 11. Rc1 Rb8 12. dxc5 d4 13. Nb1 bxc5 14. Ne1 Nb4 15.
Bxb7 Rxb7 16. a3 Nbd5 17. Nd3 Rc7 18. Nd2 Qd7 19. b4 Qh3 20. Nf3 Ng4 21. Qd2
Bd6 22. Qg5 f5 23. Nde1 Nge3 24. fxe3 Be7 25. exd4 Bxg5 26. Nxg5 Qh6 27. Nef3
c4 28. Rb1 Re8 29. Rf2 c3 30. Bc1 Qa6 31. Ne5 h6 32. Ngf3 Qa4 33. e3 Nf6 34.
Ne1 Qd1 35. Kf1 Ne4 36. Rc2 Nd2+ 37. Bxd2 Qxb1 38. Ng6 cxd2 39. Ne7+ 0-1

[Event "SUBZONAL 2.3.5 ABSOLUTE Trinidad y Tobag"]
[Site "Ambassador Hotel "]
[Date "2014.03.31"]
[Round "7.1"]
[White "Munoz Sanchez, Miguel"]
[Black "Warner, Delisle"]
[Result "1-0"]
[WhiteElo "2282"]
[BlackElo "2187"]
[PlyCount "79"]
[EventDate "2014.03.27"]
[EventRounds "9"]

1. e4 b6 2. d4 Bb7 3. Bd3 Nf6 4. Qe2 Nc6 5. c3 e5 6. d5 Ne7 7. Bg5 Ng6 8. Nf3
Be7 9. h4 h6 10. Bd2 Nh5 11. g3 O-O 12. c4 c6 13. Nc3 Bb4 14. O-O-O cxd5 15.
cxd5 Qe7 16. Kb1 Rfc8 17. Rc1 Bxc3 18. Bxc3 d6 19. Nd2 Nf6 20. Nc4 Nd7 21. Ne3
Nc5 22. h5 Nf8 23. Nf5 Qf6 24. Rh4 Kh7 25. Rch1 Nxd3 26. Qxd3 Nd7 27. g4 Nc5
28. Qe3 Ba6 29. f3 Nd3 30. R4h2 Rxc3 31. bxc3 Rc8 32. g5 hxg5 33. Rg2 Nf4 34.
Rg4 Bd3+ 35. Kb2 Bc4 36. Rhg1 Rc5 37. Rxg5 g6 38. hxg6+ fxg6 39. Rxg6 Rb5+ 40.
Ka1 1-0

[Event "SUBZONAL 2.3.5 ABSOLUTE Trinidad y Tobag"]
[Site "Ambassador Hotel "]
[Date "2014.03.31"]
[Round "7.2"]
[White "Mora Moron, Jose Ramon"]
[Black "Puntier, William"]
[Result "1/2-1/2"]
[WhiteElo "2173"]
[BlackElo "2328"]
[PlyCount "80"]
[EventDate "2014.03.27"]
[EventRounds "9"]

1. e4 e6 2. d4 d5 3. Nc3 dxe4 4. Nxe4 Bd7 5. Nf3 Bc6 6. Bd3 Nd7 7. O-O Ngf6 8.
Ng3 Bxf3 9. Qxf3 c6 10. c4 Be7 11. Bd2 O-O 12. Bc3 Re8 13. Rad1 Bf8 14. h4 a5
15. a3 Qb8 16. Rfe1 b5 17. Qxc6 bxc4 18. Qxc4 Rc8 19. Qb5 Bxa3 20. d5 e5 21.
Ra1 Bc5 22. Rxa5 Rxa5 23. Bxa5 Bxf2+ 24. Kxf2 Qa7+ 25. Kf3 Rc5 26. Bb6 Qxb6 27.
Qxb6 Nxb6 28. Rxe5 Nbd7 29. Re1 Rxd5 30. Be2 Rd4 31. Nf5 Rb4 32. g3 Rb3+ 33.
Kf4 g6 34. Bc4 Nh5+ 35. Kg5 Rb4 36. Bxf7+ Kxf7 37. Re7+ Kf8 38. Rxd7 Rb5 39. g4
gxf5 40. Kxh5 fxg4+ 1/2-1/2

[Event "SUBZONAL 2.3.5 ABSOLUTE Trinidad y Tobag"]
[Site "Ambassador Hotel "]
[Date "2014.03.31"]
[Round "7.3"]
[White "Joseph, Marcus"]
[Black "Harper, Ryan"]
[Result "0-1"]
[WhiteElo "2152"]
[BlackElo "2293"]
[PlyCount "62"]
[EventDate "2014.03.27"]
[EventRounds "9"]

1. e4 e5 2. f4 exf4 3. Nf3 g5 4. Bc4 g4 5. O-O gxf3 6. Qxf3 Qf6 7. e5 Qxe5 8.
Bxf7+ Kd8 9. d4 Qxd4+ 10. Kh1 Qf6 11. Qb3 Bd6 12. Bxg8 Nc6 13. Qf7 Qg5 14. Bxf4
Qxg8 15. Qf6+ Be7 16. Qc3 b6 17. Nd2 Ba6 18. Rfe1 Bb4 19. Qf6+ Kc8 20. c3 Be7
21. Rxe7 Nxe7 22. Qxe7 Bb7 23. Rg1 Qe8 24. Qh4 Bc6 25. Bg3 Qe2 26. Qf4 d6 27.
Nc4 Kb7 28. Qf7 Raf8 29. Nxd6+ Ka8 30. Qc4 Bxg2+ 31. Rxg2 Rf1+ 0-1